Surface modification of carbon black by plasma polymerization: From process to performance in elastomer blend systems (Record no. 74640)

MARC details
000 -LEADER
fixed length control field 00443nam a2200133Ia 4500
100 ## - MAIN ENTRY--AUTHOR NAME
Personal name Tony Mathew
245 #0 - TITLE STATEMENT
Title Surface modification of carbon black by plasma polymerization: From process to performance in elastomer blend systems
260 ## - PUBLICATION, DISTRIBUTION, ETC. (IMPRINT)
Name of publisher University of Twente
Place of publication Enschede
Year of publication 2008
300 ## - PHYSICAL DESCRIPTION
Number of Pages 176
500 ## - GENERAL NOTE
General note Course: Ph.D
700 ## - ADDED ENTRY--PERSONAL NAME
Personal name Dr JWM Noordermeer and Dr RN Datta
942 ## - ADDED ENTRY ELEMENTS (KOHA)
Koha item type Theses
Holdings
Withdrawn status Lost status Damaged status Not for loan Collection code Home library Current library Shelving location Date acquired Koha item type
      Theses Thesis RRII Library RRII Library Rubber technology 31/12/2021 Theses